Communication for development / (Record no. 97682)

MARC details
000 -LEADER
fixed length control field 00777nam a22002297a 4500
005 - DATE AND TIME OF LATEST TRANSACTION
control field 20151119164302.0
010 ## - LCCN (DPL NO)
LC control number ENG-114234
020 ## - INTERNATIONAL STANDARD BOOK NUMBER
International Standard Book Number 978186772508
Terms of availability 865.00
035 ## - SYSTEM CONTROL NUMBER
System control number EN-97766
037 ## - SOURCE OF ACQUISITION
Source of stock number/acquisition DBAD/PUB
082 ## - DEWEY DECIMAL CLASSIFICATION NUMBER
Classification number 338.90014
100 ## - MAIN ENTRY--PERSONAL NAME
Personal name Gupta, Sangeeta
245 ## - TITLE STATEMENT
Title Communication for development /
Statement of responsibility, etc by Sangeeta Gupta [and] Mithilesh Verma
260 ## - PUBLICATION, DISTRIBUTION, ETC. (IMPRINT)
Place of publication, distribution, etc New Delhi
Name of publisher, distributor, etc New Academic Publishers
Date of publication, distribution, etc 2012
270 ## - ADDRESS
Address 4760-61/23, Ansari Road Daryaganj
City New Delhi
Postal code 110002
300 ## - PHYSICAL DESCRIPTION
Extent ix,192p. :
Dimensions 22cm(Hb)
Other physical details ill.
500 ## - GENERAL NOTE
General note Includes bibliographical references (p. [191]-192).
650 ## - SUBJECT ADDED ENTRY--TOPICAL TERM
Topical term or geographic name as entry element Communication in economic development
Geographic subdivision India.
650 ## - SUBJECT ADDED ENTRY--TOPICAL TERM
Topical term or geographic name as entry element Communication
Geographic subdivision India.
700 ## - ADDED ENTRY--PERSONAL NAME
Personal name Verma, Mithilesh
942 ## - ADDED ENTRY ELEMENTS (KOHA)
Source of classification or shelving scheme Dewey Decimal Classification
Item type English Books
Call number suffix GUP
Classification part 338.90014
Holdings
Withdrawn status Lost status Not for loan Collection code Home library Current library Date acquired Source of acquisition Cost, normal purchase price Full call number Barcode Copy number Cost, replacement price Koha item type
    Not For Loan Non-fiction D.B.Act.Division D.B.Act.Division 08/10/2015 DBAD/PUB 865.00 338.90014 GUP EN-97766 1 865.00 English Books

© Delhi Public Library
Hit Counter
free hit counter